01327nam a2200265Ia 450000100060000000300090000600800410001504000130005604000130006904100130008210000160009510000290011124000350014024000350017524500260021024500260023625000110026226000120027326000140028526000490029930000430034850006110039165000280100265000310103023164IT-RoPAU130308s9999 xx 000 0 und d aIT-RoPAU cIT-RoPAU aITALIANO aWolff Janet gCodice Aut. SPICS: 6631 aSOCIAL PRODUCTION OF ART (THE) gCodice Tit. Orig. Spics: T1396 aSociologia delle arti bSociologia delle Arti a1a ed. aBOLOGNA bIl Mulino c1983 [1° Ed.:1983 - Ed.Ling.Originale:1981] a"252 p. (prefazione: no ; testo: 252)" aConcetto di Arte Natura della Sociologia Valore Estetico Sessismo nella Sociologia dell'arte Struttura Sociale e Creatività Artistica Arte Come prodotto Teoria marxista dell'arte Arte e Lavoro Vazquez Produzione Sociale dell'arte Produzione collettiva dell'arte Tecnica istituzioni Sociali Reclutamento e preparazione degli Artisti Mecenati e Mediatori Arte Come Ideologia Ideologia e Cultura Mediazione Estetica Autonomia Estetica e Politica Culturale Interpretazione Come Ri Creazione Lucien Goldmann Scuola di Francoforte Morte dell'Autore produttore e prodotto Culturale Riferimenti Bibliografici aSAGGI SULLE ARTI VISIVE eCodice materia Spics: 5011